Game of Luck (Impossible Edition) - Sudden Death - Statistics

General Stats
  • This quiz has been taken 4,076 times
    3,955 since last reset
  • The average score is 2 of 8
Answers on the Grid
Answers color-coded by a green-red scale on the quiz's grid according to % correct below.
?
?
?
?
?
?
?
?
?
?
?
?
?
?
?
?
 
Answer Stats
Answer % Correct
?
25%
?
24%
?
22%
?
22%
?
22%
?
20%
?
19%
?
19%
No matching quizzes found
Score Distribution
Percent of People with Each Score
Percentile by Number Answered
Your Score History
You have not taken this quiz since the last reset